[Event "Bullet Chess Championship"]
[Site "Chess.com INT"]
[Date "2023.07.17"]
[Round "1"]
[White "Alireza Firouzja"]
[Black "Denis Lazavik"]
[Result "1-0"]
[EventDate "?"]
[WhiteElo "2777"]
[BlackElo "2553"]
[PlyCount "68"]

1. e4 e5 2. d4 exd4 3. c3 dxc3 4. Bc4 Nf6 5. e5 d5 6. Bb5+ c6 7. exf6 cxb5 8. fxg7 Bxg7 9. Nxc3 O-O 10. Nge2 d4 11. Ne4 d3 12. N2g3 f5 13. Ng5 f4 14. Qb3+ Kh8 15. Nf7+ Rxf7 16. Qxf7 fxg3 17. hxg3 Nc6 18. Bh6 Qe7+ 19. Qxe7 Nxe7 20. Bxg7+ Kxg7 21. Kd2 Bf5 22. f3 Nc6 23. Rh5 Bg6 24. Rxb5 b6 25. Rc1 Nd4 26. Rd5 Ne6 27. Rc6 Re8 28. Re5 Kf7 29. f4 Kf6 30. g4 h6 31. g3 Bf7 32. Kxd3 Rd8+ 33. Ke3 Kg7 34. Rexe6 1-0

[Event "Bullet Chess Championship"]
[Site "Chess.com INT"]
[Date "2023.07.17"]
[Round "1"]
[White "Denis Lazavik"]
[Black "Alireza Firouzja"]
[Result "0-1"]
[EventDate "?"]
[WhiteElo "2553"]
[BlackElo "2777"]
[PlyCount "90"]

1. d4 g6 2. c4 c5 3. d5 Bg7 4. Nf3 b5 5. e4 bxc4 6. Bxc4 Nf6 7. Nc3 O-O 8. O-O d6 9. e5 Nfd7 10. exd6 exd6 11. Bg5 Qb6 12. Qd2 Ba6 13. Bxa6 Qxa6 14. Rfe1 Nb6 15. b3 N8d7 16. Ne4 Bxa1 17. Rxa1 Qb7 18. Rd1 Qc7 19. Be7 Rfe8 20. Bxd6 Qd8 21. Nxc5 Nxc5 22. Bxc5 Rc8 23. Be3 Qd6 24. Qd4 Rcd8 25. Bg5 Rd7 26. Qb2 Nxd5 27. h3 f6 28. Bh6 Qe6 29. Re1 Qf7 30. Rc1 g5 31. h4 g4 32. Nd4 Qh5 33. Bd2 Ne7 34. Re1 Nc8 35. Be3 Nb6 36. Ne2 Nd5 37. Ng3 Qg6 38. h5 Qd3 39. Nf1 g3 40. h6 Rde7 41. Rc1 gxf2+ 42. Bxf2 Re2 43. Qa3 Rxf2 44. Kxf2 Qd4+ 45. Kf3 Qf4# 0-1

[Event "Chess.com Bullet op2"]
[Site "Chess.com INT"]
[Date "2020.12.19"]
[Round "11"]
[White "Alireza Firouzja"]
[Black "Rameshbabu Praggnanandhaa"]
[Result "1-0"]
[EventDate "?"]
[WhiteElo "2749"]
[BlackElo "2608"]
[Source "chessbites.com; date by Chess Assistant 21"]
[PlyCount "32"]

1. e4 c5 2. Nf3 e6 3. c3 Nf6 4. Bd3 d5 5. e5 Nfd7 6. Bc2 d4 7. O-O Nc6 8. Re1 Be7 9. Na3 b6 10. Qe2 Bb7 11. Qe4 Qc8 12. Qg4 g6 13. Nc4 h5 14. Qf4 Qd8 15. Ng5 Bxg5 16. Nd6+ 1-0

[Event "ch-IRI 2019"]
[Site "Bushehr IRI"]
[Date "2019.02.02"]
[Round "10.2"]
[White "Alireza Firouzja"]
[Black "Aryan Gholami"]
[Result "1/2-1/2"]
[EventDate "2019.01.24"]
[WhiteElo "2618"]
[BlackElo "2488"]
[PlyCount "44"]

1. e4 c6 2. Nf3 d5 3. Nc3 dxe4 4. Nxe4 Nf6 5. Qe2 Nxe4 6. Qxe4 Qa5 7. Bd3 Na6 8. Bxa6 Qxa6 9. b3 c5 10. d4 cxd4 11. Nxd4 e6 12. Bb2 Bb4+ 13. c3 Be7 14. c4 Bb4+ 15. Ke2 Bd7 16. Rhd1 Be7 17. a4 O-O 18. Nb5 Rad8 19. Rd3 Qc6 20. Qxc6 Bxc6 21. Rg3 g6 22. Nxa7 1/2-1/2

[Event "ch-IRI 2019"]
[Site "Bushehr IRI"]
[Date "2019.02.01"]
[Round "9.5"]
[White "Amirreza Pourramezanali"]
[Black "Alireza Firouzja"]
[Result "0-1"]
[EventDate "2019.01.24"]
[WhiteElo "2528"]
[BlackElo "2618"]
[PlyCount "102"]

1. e4 Nf6 2. e5 Nd5 3. d4 d6 4. Nf3 g6 5. Bc4 Nb6 6. Bb3 Bg7 7. Ng5 e6 8. Qf3 Qe7 9. Ne4 h6 10. Bf4 Nc6 11. exd6 Nxd4 12. dxe7 Nxf3+ 13. gxf3 Bxb2 14. Nbc3 Bxa1 15. Be5 f5 16. Bxh8 fxe4 17. Rg1 c5 18. Rxg6 c4 19. Bf6 Bd7 20. Nxe4 Bxf6 21. Rxf6 cxb3 22. axb3 Kxe7 23. Rxh6 Rf8 24. Rh7+ Kd8 25. Ke2 Bc6 26. h4 Nd7 27. Ng5 Kc8 28. Re7 Ne5 29. Rxe6 Bxf3+ 30. Nxf3 Nxf3 31. Re4 Kd7 32. Rg4 Ne5 33. Rg7+ Nf7 34. Rg4 Rh8 35. Rd4+ Nd6 36. Kf3 Ke6 37. Ra4 a6 38. Kg4 Rg8+ 39. Kf3 Rf8+ 40. Rf4 Rc8 41. c4 Ke5 42. Rg4 Rf8+ 43. Kg2 Nf5 44. b4 Rd8 45. c5 Rd4 46. Kh3 Kf6 47. h5 Rxg4 48. Kxg4 Nd4 49. Kf4 Nc6 50. b5 axb5 51. Ke4 Kg5 0-1

[Event "ch-IRI 2019"]
[Site "Bushehr IRI"]
[Date "2019.01.31"]
[Round "8.3"]
[White "Alireza Firouzja"]
[Black "Amirmasoud Moradi"]
[Result "1-0"]
[EventDate "2019.01.24"]
[WhiteElo "2618"]
[BlackElo "2318"]
[PlyCount "78"]

1. e4 e5 2. Nf3 Nc6 3. Bb5 a6 4. Ba4 Nf6 5. O-O Be7 6. Re1 b5 7. Bb3 O-O 8. c3 d6 9. h3 Bb7 10. d4 Re8 11. Nbd2 Bf8 12. a3 g6 13. Ba2 Bg7 14. b4 Qd7 15. Bb2 h6 16. d5 Ne7 17. c4 Nh5 18. c5 Bc8 19. a4 Nf4 20. Nf1 g5 21. Ne3 Neg6 22. Bb3 Rb8 23. axb5 axb5 24. Ra7 Qd8 25. Kh2 h5 26. Ng1 g4 27. g3 gxh3 28. Nf5 Qg5 29. Nf3 Qg4 30. Ne3 Qd7 31. Nf5 Ng2 32. Rg1 Ne7 33. Nxd6 cxd6 34. Rxd7 Bxd7 35. Ng5 Bg4 36. f3 Bd7 37. c6 Bc8 38. Nxh3 Ne3 39. Qe2 1-0

[Event "ch-IRI 2019"]
[Site "Bushehr IRI"]
[Date "2019.01.30"]
[Round "7.4"]
[White "Mersad Khodashenas"]
[Black "Alireza Firouzja"]
[Result "1/2-1/2"]
[EventDate "2019.01.24"]
[WhiteElo "2455"]
[BlackElo "2618"]
[PlyCount "134"]

1. e4 c5 2. Nf3 d6 3. d4 cxd4 4. Qxd4 Nc6 5. Qe3 g6 6. Be2 Bg7 7. O-O Nf6 8. h3 O-O 9. Rd1 Nd7 10. c4 Nc5 11. Nc3 f5 12. exf5 gxf5 13. Qg5 f4 14. Nd5 e5 15. Qxd8 Rxd8 16. Nh4 Nd4 17. Bg4 Kf7 18. Bh5+ Kf8 19. b3 b5 20. Bb2 bxc4 21. bxc4 Rb8 22. Bc3 Be6 23. Rac1 Bxd5 24. cxd5 Bf6 25. Bxd4 exd4 26. Nf5 Rb2 27. Nxd6 Bh4 28. g3 fxg3 29. Rxd4 gxf2+ 30. Kf1 Rxd6 31. Rxc5 Rb1+ 32. Bd1 Bd8 33. Rc2 Bb6 34. Rxf2+ Ke7 35. Re4+ Kd8 36. Rf8+ Kd7 37. Re1 Kc7 38. Rf7+ Kd8 39. Bf3 Rxe1+ 40. Kxe1 h6 41. Ke2 Bc5 42. Kd3 Rd7 43. Rf6 Rd6 44. Rf7 Rd7 45. Rf5 Be7 46. Rf4 Rd6 47. Ra4 Rf6 48. Bg4 Bc5 49. Rc4 Bb6 50. Ke4 Bc7 51. Rc2 Rf4+ 52. Ke3 Rb4 53. Be6 Bf4+ 54. Kf3 Ke7 55. Kg4 Kf6 56. Rf2 Ke5 57. Kh5 Bg5 58. Kg6 Rd4 59. Re2+ Re4 60. Rc2 Rd4 61. Bf7 Rd2 62. Rc5 Rg2 63. Rc6 Rxa2 64. Re6+ Kf4 65. Re8 Ra3 66. Be6 Ke5 67. Bf7+ 1/2-1/2

[Event "ch-IRI 2019"]
[Site "Bushehr IRI"]
[Date "2019.01.29"]
[Round "6.4"]
[White "Alireza Firouzja"]
[Black "Ghaem Maghami, Ehsan"]
[Result "1/2-1/2"]
[EventDate "2019.01.24"]
[WhiteElo "2618"]
[BlackElo "2533"]
[PlyCount "54"]

1. e4 c6 2. Nf3 d5 3. Nc3 Bg4 4. h3 Bxf3 5. Qxf3 e6 6. g3 Nf6 7. Bg2 dxe4 8. Nxe4 Nbd7 9. O-O Nxe4 10. Qxe4 Nf6 11. Qe2 Qb6 12. Rd1 Rd8 13. Rb1 a5 14. b3 Be7 15. a3 O-O 16. Bb2 Rd7 17. b4 Rfd8 18. Ba1 axb4 19. axb4 Ne8 20. d4 Bf6 21. c3 Nd6 22. c4 Nf5 23. d5 cxd5 24. Bxf6 gxf6 25. cxd5 exd5 26. Qg4+ Ng7 27. Bf1 f5 1/2-1/2

[Event "ch-IRI 2019"]
[Site "Bushehr IRI"]
[Date "2019.01.28"]
[Round "5.3"]
[White "Pouria Darini"]
[Black "Alireza Firouzja"]
[Result "0-1"]
[EventDate "2019.01.24"]
[WhiteElo "2475"]
[BlackElo "2618"]
[PlyCount "72"]

1. e4 e5 2. Nf3 Nc6 3. Bb5 a6 4. Ba4 Nf6 5. O-O b5 6. Bb3 Bc5 7. c3 d6 8. d4 Bb6 9. a4 Rb8 10. a5 Ba7 11. Re1 Bg4 12. Be3 O-O 13. dxe5 Bxf3 14. Qxf3 Nxe5 15. Qe2 Bxe3 16. Qxe3 c5 17. Nd2 Re8 18. Bc2 Qc7 19. Qg3 Re7 20. Nf1 Nc4 21. b3 Nxa5 22. Ne3 Re6 23. Nf5 g6 24. Qg5 Kh8 25. Ne3 Rbe8 26. Red1 Qb6 27. h4 c4 28. b4 Nb3 29. Rab1 Qd8 30. Bxb3 cxb3 31. Rxb3 Rxe4 32. Ra3 R8e5 33. Qg3 Qb6 34. Qf3 Kg7 35. Ra2 Rxe3 36. fxe3 Rxe3 0-1

[Event "ch-IRI 2019"]
[Site "Bushehr IRI"]
[Date "2019.01.27"]
[Round "4.5"]
[White "Alireza Firouzja"]
[Black "Masoud Mosadeghpour"]
[Result "1-0"]
[EventDate "2019.01.24"]
[WhiteElo "2618"]
[BlackElo "2517"]
[PlyCount "72"]

1. d4 d5 2. c4 e6 3. Nf3 Nf6 4. Nc3 Be7 5. Bf4 O-O 6. a3 b6 7. cxd5 Nxd5 8. Nxd5 exd5 9. g3 c5 10. Bg2 Be6 11. O-O Nc6 12. Qa4 Rc8 13. Rad1 c4 14. Ne5 Na5 15. e4 f6 16. exd5 Bxd5 17. Bxd5+ Qxd5 18. Ng4 c3 19. Ne3 Qb7 20. d5 Bc5 21. bxc3 g5 22. Nf5 gxf4 23. Qxf4 Nc4 24. d6 Ne5 25. Rd5 Bxd6 26. Rxd6 Nf3+ 27. Kh1 Nd2+ 28. Kg1 Nf3+ 29. Kh1 Rc5 30. Nh6+ Kg7 31. Nf5+ Kg8 32. Nh6+ Kg7 33. Nf5+ Kh8 34. Qh6 Ne5+ 35. f3 Ng6 36. Nh4 1-0

[Event "ch-IRI 2019"]
[Site "Bushehr IRI"]
[Date "2019.01.25"]
[Round "2.6"]
[White "Alireza Firouzja"]
[Black "Arash Daghli"]
[Result "1-0"]
[EventDate "2019.01.24"]
[WhiteElo "2618"]
[BlackElo "2367"]
[PlyCount "156"]

1. e4 e5 2. Nf3 Nc6 3. Bb5 a6 4. Ba4 Nge7 5. c3 d6 6. d4 Bd7 7. O-O Ng6 8. Nbd2 Be7 9. Re1 O-O 10. d5 Nb8 11. Bc2 Nh4 12. b4 Bg4 13. h3 Nxf3+ 14. Nxf3 Bxf3 15. Qxf3 Bg5 16. Bb2 Nd7 17. a4 a5 18. Qe2 Nb6 19. bxa5 Rxa5 20. c4 Nd7 21. Bc3 Ra7 22. g3 Nc5 23. a5 Qe7 24. h4 Bf6 25. Kg2 h6 26. Rab1 Rfa8 27. Qh5 Ra6 28. Rh1 Qf8 29. Bb4 b6 30. axb6 Rxb6 31. Bxc5 dxc5 32. Rxb6 cxb6 33. Rb1 Qd6 34. Qd1 Bd8 35. Ba4 Bc7 36. h5 Qf6 37. Rb2 g6 38. Rb3 gxh5 39. Bc6 Rd8 40. Qxh5 Kf8 41. Rf3 Qg7 42. Rf5 Rd6 43. Bb5 Rf6 44. Qh4 Rd6 45. Kh1 Rg6 46. Bd7 Rg5 47. Rf3 Qg6 48. Bf5 Qh5 49. Qxh5 Rxh5+ 50. Kg2 Rg5 51. Ra3 Ke7 52. Ra7 Kd6 53. Ra8 Rg7 54. Re8 b5 55. cxb5 c4 56. Rc8 c3 57. b6 f6 58. b7 c2 59. b8=Q Bxb8 60. Rc6+ Ke7 61. Rxc2 Rg8 62. Rc6 Bd6 63. Ra6 Rb8 64. Ra7+ Ke8 65. Bd7+ Kf8 66. Be6 Be7 67. Kh3 Rb2 68. f3 h5 69. Ra8+ Kg7 70. Rg8+ Kh7 71. Rc8 Kg7 72. Rc7 Kf8 73. g4 hxg4+ 74. Kxg4 Rg2+ 75. Kh5 Bd8 76. Rf7+ Ke8 77. d6 Rh2+ 78. Kg6 1-0

[Event "ch-IRI 2019"]
[Site "Bushehr IRI"]
[Date "2019.01.24"]
[Round "1.1"]
[White "Alireza Firouzja"]
[Black "Arash Tahbaz"]
[Result "1/2-1/2"]
[EventDate "2019.01.24"]
[WhiteElo "2618"]
[BlackElo "2468"]
[PlyCount "100"]

1. c4 e5 2. Nc3 Nf6 3. Nf3 Nc6 4. e3 Bb4 5. Qb3 e4 6. Ng5 Bxc3 7. Qxc3 h6 8. Nh3 O-O 9. Nf4 d5 10. cxd5 Nxd5 11. Nxd5 Qxd5 12. b3 Be6 13. Bb2 f6 14. Bc4 Qf5 15. d3 Rfe8 16. dxe4 Qxe4 17. f3 Qg6 18. Bb5 Qxg2 19. O-O-O Rad8 20. Rdg1 Qxf3 21. Rf1 Qe4 22. Rhg1 Nb4 23. Rxg7+ Kh8 24. Qxb4 Qxb4 25. Bxf6 Qa3+ 26. Kb1 Bf5+ 27. e4 Re6 28. Bc3 Rxe4 29. Rxc7+ Rdd4 30. Ka1 Kg8 31. Rg1+ Kf8 32. Rf1 Rd5 33. Bc4 Rf4 34. Re1 Rxc4 35. Rxc4 a5 36. Rc7 Rd7 37. Rc8+ Kf7 38. Rc4 b5 39. Rc6 Rd6 40. Rc7+ Kg6 41. Rf1 Rd5 42. Rc6+ Kh5 43. Bg7 Bg6 44. Bf8 b4 45. Rc3 Bf5 46. Rc6 Rd2 47. Rxf5+ Kg4 48. Rf4+ Kh5 49. Rf5+ Kg4 50. Rf4+ 1/2-1/2

[Event "ch-IRI 2018"]
[Site "Bushehr IRI"]
[Date "2018.03.18"]
[Round "11.3"]
[White "Masoud Mosadeghpour"]
[Black "Alireza Firouzja"]
[Result "1/2-1/2"]
[EventDate "2018.03.09"]
[WhiteElo "2535"]
[BlackElo "2558"]
[PlyCount "136"]

1. e4 g6 2. d4 Bg7 3. Nc3 d6 4. Nf3 Nf6 5. Be2 O-O 6. O-O a6 7. Bg5 h6 8. Bf4 Nc6 9. h3 b5 10. d5 b4 11. Na4 Na7 12. Bd3 Bd7 13. c4 Qe8 14. b3 Bxa4 15. bxa4 e5 16. Be3 c5 17. a5 Rb8 18. a3 bxa3 19. Rxa3 Qe7 20. Rb3 Qc7 21. Rxb8 Rxb8 22. Qa1 Nh5 23. Rb1 Rxb1+ 24. Qxb1 Nc8 25. Bd2 Nf6 26. Bc2 Nd7 27. Ba4 Qb8 28. Qxb8 Nxb8 29. Ne1 Kf8 30. Nd3 Ke7 31. Bc3 Kf8 32. Kf1 Ne7 33. Ke2 f5 34. exf5 Nxf5 35. g4 Nh4 36. f4 exf4 37. Be1 Ng2 38. Bf2 Ne3 39. Nxf4 Nxc4 40. Nxg6+ Kf7 41. Nh4 Nxa5 42. Nf5 Be5 43. Kd3 h5 44. gxh5 c4+ 45. Kc2 Nb3 46. Ba7 Nc5 47. Bxc5 dxc5 48. Ne3 c3 49. Nc4 Bd4 50. Nd6+ Kf6 51. Ne4+ Ke7 52. Kd3 Nd7 53. Bxd7 c4+ 54. Kc2 Kxd7 55. h6 a5 56. Nxc3 Bh8 57. Nb5 a4 58. h4 Ke7 59. h5 Kd7 60. Kd2 a3 61. Nxa3 Kd6 62. Nxc4+ Kxd5 63. Kd3 Bf6 64. Nd2 Ke5 65. Ne4 Kf5 66. Ke3 Bh8 67. Kf3 Be5 68. h7 Bh8 1/2-1/2

[Event "ch-IRI 2018"]
[Site "Bushehr IRI"]
[Date "2018.03.16"]
[Round "9.2"]
[White "Seyed Khalil Mousavi"]
[Black "Alireza Firouzja"]
[Result "1/2-1/2"]
[EventDate "2018.03.09"]
[WhiteElo "2467"]
[BlackElo "2558"]
[PlyCount "150"]

1. e4 g6 2. d4 Bg7 3. Nc3 d6 4. f4 Nf6 5. Nf3 O-O 6. Bd3 Nc6 7. e5 dxe5 8. dxe5 Nh5 9. Ng5 Bh6 10. Nxh7 Kxh7 11. Qxh5 Qxd3 12. Qxh6+ Kxh6 13. cxd3 Bf5 14. Be3 Rad8 15. d4 Nxd4 16. O-O-O c5 17. h3 Kg7 18. Rd2 b5 19. b3 b4 20. Na4 Ne6 21. Rxd8 Rxd8 22. Rd1 Rc8 23. Nb2 Nd4 24. Bxd4 cxd4+ 25. Nc4 Be4 26. g3 Rd8 27. Kd2 Rh8 28. h4 Bf5 29. Ke1 Rd8 30. Kf2 Kh6 31. Rc1 Rd5 32. Kf3 Kh5 33. Rg1 Bg4+ 34. Ke4 Rd7 35. Nd2 Be2 36. f5 Kg4 37. fxg6 fxg6 38. Rc1 Ba6 39. e6 Rd6 40. Nc4 Rxe6+ 41. Kxd4 Kxg3 42. Ne5 Kf4 43. Nc6 Bb7 44. Nxb4 Rd6+ 45. Kc4 Be4 46. Rf1+ Ke5 47. Kb5 Rb6+ 48. Kc5 Rf6 49. Re1 Rd6 50. Kb5 Kf4 51. a4 e5 52. a5 Bf3 53. Kc4 e4 54. Kc5 Re6 55. Kd4 Kg3 56. Ke3 Kxh4 57. Rc1 Re5 58. a6 Rb5 59. Rc7 Ra5 60. Kd2 Kg3 61. Rxa7 Kf2 62. Re7 g5 63. a7 g4 64. Kc3 g3 65. Nc6 Ra6 66. Nb4 Ra5 67. Nc6 Ra1 68. Kb2 g2 69. Kxa1 g1=Q+ 70. Ka2 Qg8 71. Rb7 Qc8 72. Rb8 Qxc6 73. a8=Q Qxa8+ 74. Rxa8 e3 75. Re8 e2 1/2-1/2

[Event "ch-IRI 2018"]
[Site "Bushehr IRI"]
[Date "2018.03.12"]
[Round "4.5"]
[White "Omid Noroozi"]
[Black "Alireza Firouzja"]
[Result "0-1"]
[EventDate "2018.03.09"]
[WhiteElo "2356"]
[BlackElo "2558"]
[PlyCount "116"]

1. Nf3 Nf6 2. d4 g6 3. Bg5 Bg7 4. Nbd2 d6 5. e4 O-O 6. c3 h6 7. Bh4 Nh5 8. Be2 Nf4 9. O-O Nxe2+ 10. Qxe2 c5 11. dxc5 dxc5 12. Nc4 b6 13. Rfd1 Qc7 14. Ne3 Nc6 15. Nd5 Qb7 16. Rac1 g5 17. Bg3 Bg4 18. Ne3 Bh5 19. Nf5 Rfd8 20. Nxg7 Kxg7 21. h4 f6 22. Qe3 Rxd1+ 23. Rxd1 Rd8 24. Rd5 Bf7 25. hxg5 hxg5 26. Rxd8 Nxd8 27. e5 Qd5 28. exf6+ exf6 29. Qe7 Nc6 30. Qc7 Kg6 31. a3 Qe4 32. b4 Bd5 33. Qd6 cxb4 34. axb4 a6 35. Kh2 b5 36. Kg1 Kf7 37. Qd7+ Kg6 38. Qc8 Ne7 39. Qxa6 Nf5 40. Be5 Bc6 41. Qc8 Qb1+ 42. Kh2 Bxf3 43. Qe8+ Kg7 44. Qd7+ Kh6 45. Qe6 Bxg2 46. Qxf6+ Kh5 47. Kxg2 Qe4+ 48. Kh2 Kg4 49. Qh8 Nh4 50. Qc8+ Kf3 51. Bg3 Ke2 52. Bxh4 Qxh4+ 53. Kg1 Qxf2+ 54. Kh1 Qf3+ 55. Kg1 g4 56. Qc5 Qf1+ 57. Kh2 Qf2+ 58. Kh1 Qxc5 0-1

[Event "ch-IRI 2018"]
[Site "Bushehr IRI"]
[Date "2018.03.11"]
[Round "3.3"]
[White "Alireza Firouzja"]
[Black "Arash Tahbaz"]
[Result "1-0"]
[EventDate "2018.03.09"]
[WhiteElo "2558"]
[BlackElo "2455"]
[PlyCount "70"]

1. d4 Nf6 2. c4 e6 3. Nf3 b6 4. a3 Bb7 5. Nc3 d5 6. cxd5 Nxd5 7. Qc2 Nxc3 8. bxc3 Nd7 9. e4 Be7 10. Bf4 c5 11. d5 exd5 12. exd5 O-O 13. Rd1 Re8 14. Be2 c4 15. O-O Rc8 16. Nd4 Bxd5 17. Nb5 Nf6 18. Bf3 Rc5 19. Nc7 Rxc7 20. Bxd5 Nxd5 21. Bxc7 Qa8 22. Be5 Bxa3 23. Rfe1 Bc5 24. Qa4 Ne3 25. fxe3 Rxe5 26. Qxc4 g6 27. Kh1 Qe4 28. Qa6 Qa8 29. Rd7 Qe8 30. Rxa7 Kg7 31. Qa1 Rxe3 32. c4+ Kh6 33. Rf1 f5 34. Qg7+ Kg5 35. Rf7 Qe5 1-0

[Event "ch-IRI 2018"]
[Site "Bushehr IRI"]
[Date "2018.03.10"]
[Round "2.4"]
[White "Ghaem Maghami, Ehsan"]
[Black "Alireza Firouzja"]
[Result "1-0"]
[EventDate "2018.03.09"]
[WhiteElo "2530"]
[BlackElo "2558"]
[PlyCount "170"]

1. d4 Nf6 2. c4 c5 3. Nf3 cxd4 4. Nxd4 Nc6 5. Nc3 e6 6. a3 Bc5 7. Nb3 Bb6 8. e4 d6 9. Be2 h6 10. O-O e5 11. Qd3 O-O 12. Be3 Be6 13. Rfd1 Rc8 14. Nd5 Bxd5 15. cxd5 Ne7 16. Rac1 Bxe3 17. Qxe3 Qd7 18. Nd2 Rxc1 19. Rxc1 Rc8 20. Rc4 Rxc4 21. Nxc4 Qc7 22. a4 a6 23. a5 Nd7 24. g3 f5 25. f4 fxe4 26. fxe5 Nxe5 27. Nxe5 dxe5 28. Qxe4 Qd6 29. Bc4 Kf8 30. Kg2 Ke8 31. b3 Kd8 32. Qg4 Qf6 33. Qe2 Nc8 34. Qe3 Nd6 35. Qb6+ Kd7 36. Be2 Qf5 37. Qc5 Qg5 38. Bxa6 Qg6 39. Bb5+ Kd8 40. Qb6+ Kc8 41. Qc5+ Kd8 42. Bd3 e4 43. Be2 Qf6 44. b4 Nf5 45. b5 e3 46. d6 Nxd6 47. Qxe3 Nf5 48. Qf4 Kc8 49. Kh3 g6 50. b6 Qc6 51. Bg4 Kd8 52. Qb8+ Ke7 53. Qe5+ Kd8 54. Bxf5 gxf5 55. Qxf5 Qd6 56. Qf7 Qd3 57. Qc7+ Ke8 58. Qc8+ Kf7 59. Qxb7+ Kg6 60. Qc6+ Kg5 61. Qc5+ Kg6 62. Qc6+ Kg5 63. Qc5+ Kg6 64. Qe5 Qd7+ 65. Kh4 Qd8+ 66. Kh3 Qd7+ 67. g4 Qd3+ 68. Kg2 Qd2+ 69. Kf3 Qd1+ 70. Kf2 Qd2+ 71. Qe2 Qxa5 72. Qe6+ Kg7 73. Qd7+ Kh8 74. Qd4+ Kh7 75. b7 Qc7 76. Qe4+ Kg7 77. Kg2 Qd6 78. Qf3 Qb4 79. h4 Qb2+ 80. Kh3 Qb6 81. Qc3+ Kf7 82. Qd3 Qb2 83. Qd7+ Kg6 84. Qc6+ Kh7 85. Qc7+ 1-0

[Event "ch-IRI 2018"]
[Site "Bushehr IRI"]
[Date "2018.03.09"]
[Round "1.4"]
[White "Alireza Firouzja"]
[Black "Parham Maghsoodloo"]
[Result "0-1"]
[EventDate "2018.03.09"]
[WhiteElo "2558"]
[BlackElo "2601"]
[PlyCount "84"]

1. e4 e5 2. Nf3 Nc6 3. Bb5 a6 4. Ba4 Nf6 5. O-O b5 6. Bb3 Bb7 7. Re1 Bc5 8. c3 d6 9. d4 Bb6 10. Be3 O-O 11. Nbd2 Re8 12. d5 Na5 13. Bxb6 cxb6 14. Bc2 Nc4 15. b4 Rc8 16. Qc1 Nh5 17. Nf1 Rc7 18. g3 Bc8 19. Ne3 Bd7 20. a4 Qf6 21. Bd1 Rec8 22. axb5 Bxb5 23. Nf5 Qd8 24. N3h4 Nf6 25. Nxg7 Kxg7 26. Nf5+ Kf8 27. Qh6+ Ke8 28. Qg7 Ra8 29. Be2 Rca7 30. Bf1 Nd2 31. Bg2 a5 32. Rad1 axb4 33. Rxd2 Ra1 34. Rdd1 Rxd1 35. Rxd1 b3 36. Bh3 Be2 37. Rb1 b2 38. Qh8+ Kd7 39. Qg7 Kc7 40. Qxf7+ Qd7 41. Ne7 Ra1 42. Bxd7 Bf3 0-1

[Event "World ol U16"]
[Site "Ahmedabad"]
[Date "2017.12.14"]
[Round "5.2"]
[White "Rameshbabu Praggnanandhaa"]
[Black "Alireza Firouzja"]
[Result "0-1"]
[EventDate "?"]
[WhiteElo "2517"]
[BlackElo "2526"]
[Source "chessbites.com; date by Chess Assistant 21"]
[PlyCount "118"]

1. e4 c5 2. Nf3 Nc6 3. d4 cxd4 4. Nxd4 e6 5. Nc3 Qc7 6. Be2 a6 7. O-O Nf6 8. Be3 Be7 9. f4 d6 10. a4 O-O 11. Kh1 Re8 12. Bf3 Rb8 13. g4 Nd7 14. g5 Qd8 15. Qe2 Nxd4 16. Bxd4 e5 17. Be3 exf4 18. Bxf4 Nc5 19. h4 Be6 20. Qd2 Qc8 21. Kh2 Nd7 22. Nd5 Ne5 23. Bg2 Bf8 24. c3 Qc4 25. Ne3 Qc5 26. a5 Qb5 27. Bg3 Rbc8 28. Kh1 Nd3 29. b4 Ne5 30. Nf5 Qc6 31. Rfc1 Qc7 32. Nd4 Bc4 33. Nf5 g6 34. Ne3 Bg7 35. Nxc4 Nxc4 36. Qf2 Ne5 37. Qe2 Qd7 38. Ra3 Qe6 39. Rc2 Rc7 40. Ra1 Rec8 41. Rac1 h6 42. Qf1 hxg5 43. hxg5 Qg4 44. Bf4 Nd3 45. Bxd6 Qh4+ 46. Bh3 Nxc1 47. Bxc7 Rxc7 48. Rxc1 Rxc3 49. Rxc3 Bxc3 50. Qf3 Bxb4 51. Qg4 Qxg4 52. Bxg4 Bxa5 53. Bc8 Bd8 54. Bxb7 a5 55. Bc6 Bxg5 56. Kg2 Bf4 57. Kf3 Be5 58. Ba4 Kf8 59. Ke3 g5 0-1

[Event "1st Paytakht Cup"]
[Site "Tehran IRI"]
[Date "2016.10.28"]
[Round "5"]
[White "Dimitri Komarov"]
[Black "Alireza Firouzja"]
[Result "1-0"]
[EventDate "?"]
[WhiteElo "2498"]
[BlackElo "2469"]
[PlyCount "58"]

1. Nf3 c5 2. c4 g6 3. d4 cxd4 4. Nxd4 Nc6 5. e4 Bg7 6. Be3 Nf6 7. Nc3 Ng4 8. Qxg4 Nxd4 9. Qd1 Ne6 10. Rc1 Qa5 11. Be2 d6 12. O-O Bd7 13. Nd5 Bc6 14. b4 Qxa2 15. f4 Rc8 16. Qd3 Ba4 17. f5 Nc7 18. f6 Bxf6 19. Nxf6+ exf6 20. Qxd6 Ne6 21. Rxf6 Qxe2 22. Rxe6+ fxe6 23. Qxe6+ Kd8 24. Bg5+ Kc7 25. Qe5+ Kb6 26. Qa5+ Kc6 27. Qxa4+ Kd6 28. Rd1+ Ke5 29. Qb5+ 1-0